000 00320nam a22001217a 4500
999 _c9217
_d9217
003 OSt
008 201119b ||||| |||| 00| 0 eng d
100 _aMalik, Surajbhan and Other
245 _aVector Calculus B.A./B.Sc.-I, Sem-II
260 _aNew Delhi
_bJeevansons
_c2020
650 _aB.Sc Non Medical
942 _2ddc
_cBK